000 00356nam a2200157Ia 4500
003 OSt
005 20231230091830.0
008 170524s9999 xx 000 0 und d
020 _a0333934741
040 _ciimt university meerut
100 _aSAHAY-B.S.
100 _c2000
245 0 _aWORD CLASS MANUFACTURING
260 _aMacMillan
942 _2ddc
_c02
999 _c2404
_d2404